Účinnosť nástrojov marketingovej komunikácie Slovenska v cestovnom ruchu

Preskúmanie účinnosti používaných nástrojov marketingovej komunikácie Slovenskej agentúry pre cestovný ruch (SACR) na vybraných cieľových trhoch vzhľadom na návštevnosť z nich. Vplyv výdavkov na marketingovú komunikáciu na návštevnosť Slovenska. Porovnanie štruktúr výdavkov aktivít národných market...

Descrizione completa

Salvato in:
Dettagli Bibliografici
Autore principale: Magátová, Ivana
Natura: Capitolo di libro
Lingua:slovacco
Soggetti:
Tags: Aggiungi Tag
Nessun Tag, puoi essere il primo ad aggiungerne!!

MARC

LEADER 00000naa a2200000 4500
001 0234798
005 20220805075448.0
041 0 |a slo 
044 |a SK 
245 1 0 |a Účinnosť nástrojov marketingovej komunikácie Slovenska v cestovnom ruchu  |c Ivana Magátová 
520 |a Preskúmanie účinnosti používaných nástrojov marketingovej komunikácie Slovenskej agentúry pre cestovný ruch (SACR) na vybraných cieľových trhoch vzhľadom na návštevnosť z nich. Vplyv výdavkov na marketingovú komunikáciu na návštevnosť Slovenska. Porovnanie štruktúr výdavkov aktivít národných marketingových agentúr s výdavkami SACR. 
610 2 0 |a ruch cestovný 
610 2 0 |a komunikácia marketingová 
610 2 0 |a nástroje marketingové 
610 2 0 |a účinnosť ekonomická 
610 2 0 |a Slovensko 
610 2 0 |a výdavky 
610 2 0 |a porovnanie medzinárodné 
100 1 |a Magátová, Ivana